Retrouve les représentants de la France à l'Eurovision - Statistiques

Statistiques générales
  • Ce quiz a été pris 53 fois
  • Le résultat moyen est 16 sur 21
Answers on the Grid
Answers color-coded by a green-red scale on the quiz's grid according to % correct below.
Dorothée
Joëlle Ursull
Marie Myriam
Aya Nakamura
Patrick Fiori
Jonatan Cerrada
Gims
Louane
Barbara Pravi
Amaury Vassili
Madame Monsieur
Alvan & Ahez
Jenifer
Patricia Kaas
Noir Désir
Natasha Saint-Pier
Lara Fabian
Joséphine Baker
Anggun
Amir
La Zarra
Bilal Hassani
Jessy Matador
Slimane
Florent Pagny
Christine & the queens
Dan Ar Braz & l’Héritage des Celtes
Sébastien Tellier
Les Fatals Picards
Serge Lama
 
Statistiques - réponses
Réponse % Correct
Louane
96%
Barbara Pravi
91%
Marie Myriam
91%
Madame Monsieur
89%
Amir
87%
Bilal Hassani
87%
La Zarra
82%
Patricia Kaas
82%
Slimane
80%
Amaury Vassili
76%
Patrick Fiori
73%
Alvan & Ahez
71%
Joëlle Ursull
69%
Anggun
67%
Jessy Matador
67%
Natasha Saint-Pier
67%
Sébastien Tellier
67%
Les Fatals Picards
64%
Jonatan Cerrada
60%
Dan Ar Braz & l’Héritage des Celtes
56%
Serge Lama
40%
Aucun quiz correspondant
Distribution des résultats
% des personnes avec chaque résultat
Percentile par nombre de réponses
Votre historique - résultats
Vous n’avez pas pris ce quiz